000 01221nam a2200361 i 4500
003 EG-ScBUE
005 20250121094510.0
008 090525t2008 caua f 001 0 eng d
020 _a9780321526670
020 _a0321526678
035 _a(OCoLC)ocm85018210
035 _a(OCoLC)85018210
040 _aEG-ScBUE
_beng
_erda
_cEG-ScBUE
_dEG-ScBUE
082 0 4 _a530
_bHAR
_222
100 1 _aHarris, Randy,
_eauthor.
_95066
245 1 0 _aModern physics /
_cRandy Harris, University of California, Davis.
250 _aSecond edition.
250 _aPearson International edition.
264 1 _aSan Francisco :
_bPearson/Addison Wesley,
_c[2008]
264 4 _cc2008
300 _axiv, 558, [64] pages :
_billustrations (some color) ;
_c27 cm
336 _2rdacontent
_atext
_btxt
337 _aunmediated
_2rdamedia
_bn
338 _avolume
_bnc
_2rdacarrier
500 _aRev. ed. of : Nonclassical physics.1998.
500 _aIncludes index.
590 _ayassmeen ashraf
650 7 _aPhysics
_vTextbooks.
_95067
_2BUEsh
653 _bENGGEN
_cAugust2015
655 _vReading book
856 4 1 _3Table of contents only
_uhttp://www.loc.gov/catdir/toc/ecip0711/2007005770.html
942 _cBB
_2ddc
999 _c8799
_d8799